000
00255nam a22001217a 4500
040
_c
HS
082
_a
631
100
_a
NA
245
_a
ការគ្រប់គងកសិដ្ឋាន
260
_a
Cambodia
_b
NA
_c
NA
300
_a
11p;
942
_c
KB
999
_c
9369
_d
9369